| 000 | 00923nam a2200277 i 4500 | ||
|---|---|---|---|
| 001 | bg | ||
| 100 | 1 | _aJÓSKO, Marian | |
| 245 | 1 | 0 |
_aMetodologiczne aspekty oceny przyczepności powłok regeneracyjnych metodą ultradźwiękową / _cMarian Jósko. |
| 260 |
_aPoznań : _bWydaw. Politechniki Poznańskiej, _c2002. |
||
| 300 |
_a168, [1] s. : _bil. ; _c24 cm. |
||
| 490 | 1 |
_aRozprawy / Politechnika Poznańska, _x0551-6528 ; _vnr 372 |
|
| 500 | _aStreszcz. ang. | ||
| 504 | _aBibliogr. | ||
| 650 | 9 |
_aAdhezja _xbadanie |
|
| 650 | 9 | _aInżynieria powierzchni | |
| 650 | 9 |
_aPowłoki ochronne _xbadanie |
|
| 650 | 9 |
_aUltradźwięki _xstosowanie _xtechnika |
|
| 830 | 0 |
_aRozprawy (Politechnika Poznańska) ; _vnr 372 |
|
| 020 | _a8371435800 | ||
| 040 | _cBPK | ||
| 041 | 0 |
_apol _beng |
|
| 080 | _a620.197:621.791/.795:539.6+534 | ||
| 920 | _a83-7143-580-0 | ||
| 942 | _cKS | ||
| 008 | s pl f |000 0 pol | ||
| 999 |
_c43045 _d43045 |
||
| 856 |
_uhttp://koha.tu.koszalin.pl/cgi-bin/koha/opac-detail.pl?biblionumber=43045 _yKatalog online BPK |
||